000 02521nam a22002537i 4500
005 20210920222147.0
008 210907t20192019it o|||e |||| 00| 0 eng d
020 _a9788870515237
_cRM224.91
_qpaperback
040 _aPPAK
_beng
_cPPAK
_erda
082 0 4 _223
_a617.93
090 0 0 _a617.93
_bZIM
_dR
100 1 _aZimaglia, Claudio,
_eauthor.
245 1 0 _aFUNCTIONAL BANDAGING in Orthopedic and Sports Traumatology /
_cClaudio Zimaglia
264 1 _aMilan, Italy :
_bEdi.ermes srl,
_c[2018]
264 4 _c©2018
300 _aix, 283 pages :
_bcolour photographs ;
_c27 cm
336 _2rdacontent
_atext
337 _2rdamedia
_aunmediated
338 _2rdacarrier
_avolume
520 _aThe functional treatment of trauma, with regard to immobilization produced by the use of plaster casts, promotes post-traumatic recovery and facilitates the practice of preventive treatments and musculoskeletal rehabilitation. It consists of restraint systems that use partial immobilization braces or dynamic bandages capable of both protecting the injured motor structures, thereby reducing stress on the compromised area while preserving the normal functionality of the other segments, as well as eliminating the drawbacks of inactivity. The functional bandage, a dynamic restraint offering partial immobilization capable of supporting and stabilizing the various joint components, fully meets any practical needs, particularly in the sporting world. The main objective of the functional bandage is the treatment of traumatic injuries with benign spontaneous evolution: the results of muscle injuries from indirect or direct trauma, distortive capsuloligamentous traumatic injuries, as well as tendon damage. The work describes more than seventy different examples of the application of functional bandages with extreme clarity and efficacy, illustrated by over a thousand images. The description of each bandage is accompanied by a detailed indication of the musculoskeletal structure receiving treatment, a clear and concise list of materials used for each technique as well as their characteristics, specific information on their indications for use, in particular in the field of prevention and rehabilitation in the sporting environment, and it is accompanied by extensive sequences of images to illustrate the individual steps used. Potential readers: specialists in rehabilitation medicine, orthopedic specialists, physiotherapists.
650 1 0 _aSurgical dressings
650 2 0 _aAdhesive tape
942 _2ddc
_cB
999 _c184851
_d184851